Muerte en la Vicaría

Novela policiaca que relata el asesinato del coronel Lucius Protheroe y como el protagonista Clement Leonard, con la guía de Miss Marple (su primera aparíción dentro del universo de misterio de Agatha), va siguiendo la pista del posible asesino, donde todo un pueblo puede ser el verdadero culpable a...

Descripció completa

Guardat en:
Dades bibliogràfiques
Autor principal: Christie, Agatha
Format: Llibre
Idioma:Undetermined
Publicat: Barcelona, España Molino [s.f.]
Matèries:
Etiquetes: Afegir etiqueta
Sense etiquetes, Sigues el primer a etiquetar aquest registre!

MARC

LEADER 00000nam a2200000Ia 4500
008 170316s9999 xx 000 0 und d
040 |a cru BVZT 
090 |a 820 CH-3m 
100 |a Christie, Agatha 
245 |a Muerte en la Vicaría 
260 |a Barcelona, España 
260 |b Molino 
260 |c [s.f.] 
300 |a 238 páginas 
520 |a Novela policiaca que relata el asesinato del coronel Lucius Protheroe y como el protagonista Clement Leonard, con la guía de Miss Marple (su primera aparíción dentro del universo de misterio de Agatha), va siguiendo la pista del posible asesino, donde todo un pueblo puede ser el verdadero culpable al tener motivos. La novela está en español. 
650 |a LITERATURA INGLESA  |9 12 
999 |c 6815  |d 6815 
942 |c 15 D  |h 820 CH-3m  |2 z